| Tag |
First Indicator |
Second Indicator |
Subfields |
| LEADER |
00000pam a2200000 a 4500 |
| 001 |
in00001550121 |
| 005 |
20151022061321.0 |
| 008 |
991026s2000 ncub b s001 0 eng |
| 010 |
|
|
|a 99055915
|
| 020 |
|
|
|a 0807825425 (alk. paper)
|
| 020 |
|
|
|a 0807848557 (pbk. : alk. paper)
|
| 035 |
|
|
|a (OCoLC)ocm42771268
|
| 040 |
|
|
|a DLC
|c DLC
|d TXA
|d UtOrBLW
|
| 043 |
|
|
|a n-us---
|a n-us-ga
|
| 049 |
|
|
|a TXAM
|
| 050 |
0 |
0 |
|a JK1319
|b .F43 2000
|
| 082 |
0 |
0 |
|a 328.73/092/2
|2 21
|
| 100 |
1 |
|
|a Fenno, Richard F.,
|d 1926-
|
| 245 |
1 |
0 |
|a Congress at the grassroots :
|b representational change in the South, 1970-1998 /
|c Richard F. Fenno, Jr.
|
| 264 |
|
1 |
|a Chapel Hill :
|b University of North Carolina Press,
|c [2000]
|
| 264 |
|
4 |
|c ©2000
|
| 300 |
|
|
|a xiv, 170 pages :
|b maps ;
|c 24 cm.
|
| 336 |
|
|
|a text
|b txt
|2 rdacontent
|
| 337 |
|
|
|a unmediated
|b n
|2 rdamedia
|
| 338 |
|
|
|a volume
|b nc
|2 rdacarrier
|
| 504 |
|
|
|a Includes bibliographical references (pages [153]-160) and index.
|
| 610 |
1 |
0 |
|a United States.
|b Congress.
|b House.
|
| 650 |
|
0 |
|a Legislators
|z United States
|v Case studies.
|
| 650 |
|
0 |
|a Representative government and representation
|z United States
|v Case studies.
|
| 651 |
|
0 |
|a Georgia
|x Politics and government
|y 1951-
|
| 948 |
|
|
|a cataloged
|b h
|c 2000/9/20
|d c
|e dmitchel
|f 1:04:12 pm
|
| 994 |
|
|
|a E0
|b TXA
|
| 999 |
|
|
|a MARS
|
| 999 |
f |
f |
|s b1c7b04a-1d72-306b-9f45-4dbe25a30ff8
|i 727b08b7-9251-33b3-b650-2a811829a904
|t 0
|
| 952 |
f |
f |
|p ric
|a Texas A&M University
|b Rellis Campus
|c Joint Library Facility
|d Remote Storage
|t 0
|e JK1319 .F43 2000
|h Library of Congress classification
|i unmediated -- volume
|m A14826731008
|
| 998 |
f |
f |
|a JK1319 .F43 2000
|t 0
|l Remote Storage
|